Kansas Cities Quiz Stats

 Plays Quiz Updated Apr 9, 2018

Score 0/20 Timer 06:00
0 Plays Today
Rank City % Correct
3Kansas City
95.8%
4Topeka
90%
1Wichita
77.8%
6Lawrence
59.7%
8Manhattan
54.7%
2Overland Park
49.5%
5Olathe
40%
14Dodge City
38.9%
10Salina
35.4%
16Emporia
26.8%
Rank City % Correct
7Shawnee
26.5%
12Leavenworth
26.2%
11Hutchinson
24.7%
15Garden City
23.7%
9Lenexa
23.6%
17Junction City
23.3%
13Leawood
17.1%
18Derby
15.7%
19Prairie Village
12.7%
20Gardner
12.6%

You're not logged in!

Compare scores with friends on all Sporcle quizzes.
OR
Log In

Sporcle TV

Today on Sporcle TV


Watch our educational content, quiz creation guides, and fun videos on Sporcle TV.

Show Comments

Extras

Top Quizzes Today


Score Distribution

Your Account Isn't Verified!

In order to create a playlist on Sporcle, you need to verify the email address you used during registration. Go to your Sporcle Settings to finish the process.

Report this User

Report this user for behavior that violates our Community Guidelines.

Details: